书目信息 |
| 题名: |
同济大学教授录
|
|
| 作者: | 林章豪 主编 | |
| 分册: | ||
| 出版信息: | 上海 同济大学出版社 1996.04 |
|
| 页数: | 376页 | |
| 开本: | 32开 | |
| 丛书名: | ||
| 单 册: | ||
| 中图分类: | G649.58-62 | |
| 科图分类: | ||
| 主题词: | 教育--各级 | |
| 电子资源: | ||
| ISBN: | 7-5608-1686-X | |
| 000 | 00562nam0 2200193 45 | |
| 001 | 0011281736 | |
| 005 | 20001128173717.4 | |
| 010 | @a7-5608-1686-X@d20.00元 | |
| 100 | @a20001128d1996 km y0chiy0120 ea | |
| 101 | 0 | @achi |
| 105 | @a z 000yy | |
| 200 | 1 | @a同济大学教授录@ATong Ji Da Xue Jiao Shou Lu@f林章豪主编@FLin Zhang Hao Zhu Bian |
| 210 | @a上海@c同济大学出版社@d1996.04 | |
| 215 | @a376页@d32开 | |
| 606 | 0 | @a教育@x各级 |
| 690 | @aG649.58-62@v3 | |
| 701 | 0 | @a林章豪@4主编 |
| 801 | @aCN@bPftUser@c20001128 | |
| 905 | @b507127-131@dG649.58-62@eL311@f5 | |
| 同济大学教授录/林章豪主编.-上海:同济大学出版社,1996.04 |
| 376页;32开 |
| ISBN 7-5608-1686-X:20.00元 |
| ● |
| 相关链接 |
|
|
|
正题名:同济大学教授录
索取号:G649.58-62/L311
 
预约/预借
| 序号 | 登录号 | 条形码 | 馆藏地/架位号 | 状态 | 备注 |
| 1 | 507127 | 205071278 | 社科库409/409社科库 15排3列5层/ [索取号:G649.58-62/L311] | 在馆 | |
| 2 | 507128 | 205071287 | 社科二线422/409社科库 18排4列2层/ [索取号:G649.58-62/L311] | 在馆 | |
| 3 | 507129 | 205071296 | 社科二线422/409社科库 18排4列2层/ [索取号:G649.58-62/L311] | 在馆 | |
| 4 | 507130 | 205071303 | 社科二线422/409社科库 15排3列5层/ [索取号:G649.58-62/L311] | 在馆 | |
| 5 | 507131 | 205071312 | 社科二线422/409社科库 15排3列5层/ [索取号:G649.58-62/L311] | 在馆 |